Topologia e ordem /
Guardado en:
| Autor Principal: | |
|---|---|
| Formato: | Libro |
| Idioma: | Portuguese |
| Publicado: |
Chicago :
Printed by the University of Chicago Press,
1950.
|
| Etiquetas: |
Agregar Etiqueta
Sin Etiquetas, Sea el primero en etiquetar este registro!
|
| LEADER | 00572nam a22001455a 4500 | ||
|---|---|---|---|
| 001 | MAT.inmabb000771 | ||
| 008 | 031119s1950####ilu###########000#0#por#d | ||
| 005 | 20170804145853.0 | ||
| 245 | 1 | 0 | |a Topologia e ordem / |c por Leopoldo Nachbin. |
| 260 | |a Chicago : |b Printed by the University of Chicago Press, |c 1950. | ||
| 300 | |a ii, 114 p. | ||
| 500 | |a Tese apresentada à congregaçao da Faculdade Nacional de Filosofia para provimento da cadeira de análise matemática e análise superior. | ||
| 100 | 1 | |a Nachbin, Leopoldo. | |
| 084 | |a 54-XX |2 msc2000 | ||
| 859 | |h 54 |i N119 |p A-585 |b BIB. MATEMATICA | ||
